Statistieken voor Top 15 landen met Covid-19 sterfgevallen - 21 september

Klik hier om de quiz te nemen!

Algemene statistieken

  • Deze quiz is 3 keer genomen
  • De gemiddelde score is 7 van 20

Antwoordstatistieken

land% Correct
België
100%
Brazilië
67%
Frankrijk
67%
India
67%
Italië
67%
Spanje
67%
Verenigde Staten
67%
Argentinië
33%
Colombia
33%
Mexico
33%
Rusland
33%
Verenigd Koninkrijk
33%
Zuid-Afrika
33%
Zweden
33%
Bolivia
0%
Chili
0%
Ecuador
0%
Iran
0%
Panama
0%
Peru
0%

Scoreverdeling

Percentiel versus Aantal Correcte Antwoorden

Procent van Mensen met Elke Score

Uw Scoregeschiedenis

U heeft deze quiz nog niet genomen